000 00504nam a2200181Ia 4500
999 _c29983
_d29983
003 OSt
005 20201203125604.0
008 190216s9999||||xx |||||||||||||| ||und||
020 _a9788188015856
040 _coclc
082 _a894.8124
_bPAV/B
100 _aPavithran, T
_97172
245 0 _aBhasha Malayalam /
_cT Pavithran
260 _bLipi Publications,
_c2012.
_aKozhikode:
300 _a181p
650 _aLekhanam
942 _cBK
_2ddc
_h894.8124
_iPAV/B
_k894.8124
_mPAV/B